Podrobnosti o postupoch účtovania pri oceňovaní zásob vo verejnej správe
Ministerstvo financií SR vydalo opatrenie, ktorým sa ustanovujú podrobnosti o postupoch účtovania a rámcovej účtovej osnove pre rozpočtové organizácie, príspevkové organizácie, štátne fondy, obce a vyššie územné celky. Informácia o povinnostiach vyplývajúcich pre subjekty verejnej správy.
Salvato in:
| Autore principale: | |
|---|---|
| Natura: | Capitolo di libro |
| Lingua: | slovacco |
| Soggetti: | |
| Tags: |
Nessun Tag, puoi essere il primo ad aggiungerne!!
|
MARC
| LEADER | 00000naa a2200000 4500 | ||
|---|---|---|---|
| 001 | 0169951 | ||
| 005 | 20231120124213.8 | ||
| 041 | 0 | |a slo | |
| 044 | |a SK | ||
| 245 | 1 | 0 | |a Podrobnosti o postupoch účtovania pri oceňovaní zásob vo verejnej správe |c Janka Mráziková |
| 520 | |a Ministerstvo financií SR vydalo opatrenie, ktorým sa ustanovujú podrobnosti o postupoch účtovania a rámcovej účtovej osnove pre rozpočtové organizácie, príspevkové organizácie, štátne fondy, obce a vyššie územné celky. Informácia o povinnostiach vyplývajúcich pre subjekty verejnej správy. | ||
| 610 | 2 | 0 | |a správa verejná |
| 610 | 2 | 0 | |a oceňovanie |
| 610 | 2 | 0 | |a zásoby |
| 610 | 2 | 0 | |a postupy účtovné |
| 100 | 1 | |a Mráziková, Janka | |